000 00527nam a2200229Ia 4500
003 OSt
005 20220927112314.0
006 a|||||r|||| 00| 0
007 ta
008 220926b |||||||| |||| 00| 0 eng d
024 _a150326
037 _cReports
040 _aRTL
_cRTL
_beng
041 _2eng
_aeng
082 _aX.615r
110 _aColonial
_9383492
245 0 _aNyasaland protectorate 1955
260 _c1955
700 _aColonial
_9383493
942 _hX.615r
_cCC
999 _c700054
_d700054